| 000 | 02863nam0a2200385 4500 | ||
|---|---|---|---|
| 001 | RU\NLR\BIBL_A\011657660 | ||
| 005 | 20180405140056.0 | ||
| 010 |
_a978-5-90-60-89-38-0 _9100 |
||
| 021 |
_aRU _bКН-П-18-006333 _9КН-П-18-0768 |
||
| 035 | _a(NLR Aleph) 011657660 | ||
| 035 | _a(RuMoRGB)009542299 | ||
| 090 |
_a11164696 _c11164696 |
||
| 100 | _a20180316d2017 k y0rusy50 ca | ||
| 101 | 0 |
_arus _abak |
|
| 102 | _aRU | ||
| 105 | _ay zzzz000|1zy | ||
| 200 | 1 |
_aМедиапространство Российской Федерации: глобальный и национальный аспекты _eматериалы Всероссийской (с международным участием) научно-практической конференции, посвященной 100-летию башкирской национальной печати (г. Уфа, 7-8 декабря 2017 г.) _fМинистерство образования и науки Российской Федерации, Башкирский государственный университет, Агентство по печати и средствам массовой информации Республики Башкортостан _g[редакционная коллегия: кандидат филологических наук, доцент Р. Р. Магадеева (отв. редактор) и др.] |
|
| 210 |
_aУфа _aТуймазы _cБашГУ _d2017 |
||
| 215 |
_a274 с. _cтабл. _d21 |
||
| 300 | _aЧасть текста башк. | ||
| 320 | _aБиблиогр. в конце ст. | ||
| 606 | 1 |
_aСредства массовой информации _yРоссийская Федерация _jСъезды, совещания и т.п. _2nlr_sh2 _3RU\NLR\AUTH\661278033 |
|
| 610 | 0 | _aжурналистика | |
| 686 |
_aЧ612я431(2) _2rubbk |
||
| 686 |
_aЧ630я431(2) _2rubbk |
||
| 686 | 1 | _aЧ600.4(2Р)я431 | |
| 701 | 1 |
_aМагадеева _bР. Р. _gРашида Рафкатовна _4340 |
|
| 711 | 1 | 2 |
_a"Медиапространство Российской Федерации: глобальный и национальный аспекты", всероссийская (с международным участием) научно-практическая конференция _f2017 _eУфа _3RU\NLR\AUTH\880466450 |
| 712 | 0 | 2 |
_aБашкирский государственный университет _cУфа _3RU\NLR\AUTH\889921405 _4570 |
| 942 | _cBOOK | ||
| 980 | _aNBR | ||
| 980 | _aNB | ||